000 00251nam a22001217a 4500
008 181121b xxu||||| |||| 00| 0 eng d
041 _aeng
080 _a370
100 _a49
101 _aEDU
245 _aMaster Student
_cDave.e
942 _2udc
_cBK
999 _c52303
_d52303